Biblioteca y Centro de Documentación

Actas de las I Jornadas sobre Reservas Marinas y I Reunion de la Red Ibérica de Reservas Marinas (RIRM) (Registro nro. 15297)

Detalles MARC
000 -CABECERA
Longitud fija campo de control 01400nam a2200337 c 4500
001 - NÚMERO DE CONTROL
Número de control 15297
003 - IDENTIFICADOR DE NÚMERO DE CONTROL
Identificador del número de control ES-MaCES
005 - FECHA Y HORA DE LA ÚLTIMA TRANSACCIÓN
Fecha y hora de la última transacción 20141221122347.0
008 - CAMPO FIJO DE DESCRIPCIÓN FIJA--INFORMACIÓN GENERAL
Códigos de información de longitud fija   030710s2003 sp abd t o100 | spa d
017 ## - NÚMERO DE REGISTRO DE DERECHOS DE AUTOR Y DEPÓSITO LEGAL
Número de copyright o de depósito legal M 18269-2003
Agencia que asigna el número DL
020 ## - ISBN (INTERNATIONAL STANDARD BOOK NUMBER)
Número Internacional Normalizado para Libros (ISBN) 8449105722
024 7# - OTROS IDENTIFICADORES
Número normalizado o código 251-03-009-9
Fuente del número o código nipo
035 ## - NÚMERO DE CONTROL DEL SISTEMA
Número de control del sistema CES20030009852m
040 ## - FUENTE DE CATALOGACIÓN
Centro catalogador de origen ES-MaCES
Lengua de catalogación spa
Centro transcriptor ES-MaCES
111 2# - ENCABEZAMIENTO PRINCIPAL--NOMBRE DE REUNIÓN
Nombre de congreso o jurisdicción como elemento de entrada Jornadas sobre Reservas Marinas
Número del congreso o número de parte o sección de la obra 1
Fecha del congreso 2001
Sede del congreso Cabo de Gata, Almería
9 (RLIN) 811
245 10 - MENCIÓN DE TÍTULO
Título Actas de las I Jornadas sobre Reservas Marinas y I Reunion de la Red Ibérica de Reservas Marinas (RIRM)
Resto del título : Cabo de Gata, Almería, 17-23 de septiembre de 2001
Mención de responsabilidad, etc. editores Diego Moreno y Antonio Frías
260 ## - PUBLICACIÓN, DISTRIBUCIÓN, ETC (PIE DE IMPRENTA)
Lugar de publicación, distribución, etc. [Madrid
Nombre del editor, distribuidor, etc. Ministerio de Agricultura, Pesca y Alimentación, Secrataría General de Pesca Marítima
Fecha de publicación, distribución, etc. 2003]
300 ## - DESCRIPCIÓN FÍSICA
Extensión 169 p.
Otras características físicas il., gráf., map.
Dimensiones 24 cm
650 #4 - ASIENTO SECUNDARIO DE MATERIA--TÉRMINO DE MATERIA
Término de materia o nombre geográfico como elemento inicial pesca
9 (RLIN) 27611
650 #4 - ASIENTO SECUNDARIO DE MATERIA--TÉRMINO DE MATERIA
Término de materia o nombre geográfico como elemento inicial recursos marinos
9 (RLIN) 28716
650 #4 - ASIENTO SECUNDARIO DE MATERIA--TÉRMINO DE MATERIA
Término de materia o nombre geográfico como elemento inicial recursos naturales
9 (RLIN) 28718
650 #4 - ASIENTO SECUNDARIO DE MATERIA--TÉRMINO DE MATERIA
Término de materia o nombre geográfico como elemento inicial conservación de los recursos
9 (RLIN) 28755
653 10 - TÉRMINO DE INDEXACIÓN--NO CONTROLADO
Término no controlado Medio ambiente
700 1# - ENCABEZAMIENTO SECUNDARIO--NOMBRE PERSONAL
Nombre de persona Moreno, Diego
Término indicativo de función ed. lit.
9 (RLIN) 19071
700 1# - ENCABEZAMIENTO SECUNDARIO--NOMBRE PERSONAL
Nombre de persona Frías, Antonio
Término indicativo de función ed. lit.
9 (RLIN) 12420
710 1# - ENCABEZAMIENTO SECUNDARIO--NOMBRE CORPORATIVO
Nombre de entidad o nombre de jurisdicción como elemento inicial España
Unidad subordinada Secretaría General de Pesca Marítima
9 (RLIN) 3392
711 2# - ENCABEZAMIENTO SECUNDARIO--NOMBRE DE REUNIÓN
Nombre de congreso o nombre de jurisdicción como elemento inicial Reunión de la Red Iberoamericana de Reservas Marinas
Número del congreso o número de parte o sección de la obra 1
Fecha del congreso 2001
Sede del congreso Cabo de Gata, Almería
9 (RLIN) 812
902 ## - CES. TIPO DE DOCUMENTO
Tipodoc (006$c Sirtex) LIB Libro
942 ## - ELEMENTOS KOHA
Fuente de clasificaión o esquema Clasificación propia del CES
Koha [por defecto] tipo de item Monografías
Parte de clasificación 4.2.
Existencias
Número de registro Signatura completa Tipo de item de Koha
052893 SG-4.2.-59 Monografías
© CES, Consejo Económico y Social de España 2021